000 00645nab a2200217 a 4500
005 20210219161453.0
008 991125s1985 mx 000 0 spa u
035 _aUPN01000185775
100 1 _aSgreccia, Natalia
222 _aREVISTA LATINOAMERICANA DE ESTUDIOS EDUCATIVOS
245 _a¿ Cómo caracterizar una enseñanza para la comprensión a adolescentes en la actualidad ?
260 _aMéxico
300 _a151-182
362 0 _a2011 Vol. 41, nos. 3-4, jun.-dic.
653 0 _aADOLESCENTES
653 0 _aEDUCACION SECUNDARIA
653 0 _aCOMPRENSION
700 1 _aMassa, Marta,
700 1 _ecoaut.
905 _aArticulo
999 _c157878
_d157878